QCM Harry Potter #1. - Statistiques

Statistiques générales
  • Ce quiz a été pris 175 fois
  • Le résultat moyen est 14 sur 15
Statistiques - réponses
Question Réponse % Correct
Comment s'appelle le phénix de Dumbledore ? Fumseck
100%
Comment s'appelle la professeure de botanique ? Pomona Chourave
100%
Qui est le prince de sang mêlé ? Rogue
100%
Quelle animal a Hermione ? Un chat
100%
Comment s'appelle le ministre de la magie avant que Voldemort revienne ? Cornelius Fudge
96%
Quel est le vrai nom de Voldemort ? Tom Jedusor
96%
Quelle est le premier bonbons magique que Harry ouvre ? Chocogrenouille
92%
Que invoque McGonagall pour défendre le château dans le 7 partie 2 ? Des chevaliers de pierre
92%
Dans le 1, que fait Hermione a Harry dans le train ? Elle lui répare ses lunettes
92%
Qui écrit sur les murs avec du sang dans le 2 ? Ginny
92%
Comment s'appelle l'elfe de maison des Black ? Kreature
92%
De quelle couleur sont les Cognards ? Marron
88%
Quelle pierre sauve Harry Potter a la fin du 1 contre Voldemort ? Pierre philosophale
84%
Enfants Weasley du plus âgée au plus jeune. Bill, Charlie, Percy, Fred, George, Ron, Ginny
72%
Qu'est ce que le balai d'Hagrid ? Une moto
68%
Aucun quiz correspondant
Distribution des résultats
% des personnes avec chaque résultat
Percentile par nombre de réponses
Votre historique - résultats
Vous n’avez pas pris ce quiz